International Journal of Organizational Analysis (Record no. 216294)
[ view plain ]
| 000 -LEADER | |
|---|---|
| fixed length control field | 00927nam a22001577a 4500 |
| 005 - DATE AND TIME OF LATEST TRANSACTION | |
| control field | 20260218092544.0 |
| 022 ## - INTERNATIONAL STANDARD SERIAL NUMBER | |
| International Standard Serial Number | 1934-8835 |
| 050 ## - LIBRARY OF CONGRESS CALL NUMBER | |
| Classification number | https://www.emeraldgrouppublishing.com/journal/ijoa |
| 245 ## - TITLE STATEMENT | |
| Title | International Journal of Organizational Analysis |
| 260 ## - PUBLICATION, DISTRIBUTION, ETC. | |
| Name of publisher, distributor, etc. | emerald |
| Date of publication, distribution, etc. | 2025 |
| 310 ## - CURRENT PUBLICATION FREQUENCY | |
| Current publication frequency | quarterly |
| Date of current publication frequency | 2025 |
| 520 ## - SUMMARY, ETC. | |
| Summary, etc. | This paper aims to examine Frederick W. Taylor’s role in institutionalising scientific management through the lens of institutional entrepreneurship. By analysing Taylor’s efforts in disrupting existing management norms and introducing new practices, this study provides insights into how his actions catalysed institutional change and the broader implications for management practices. |
| 650 ## - SUBJECT ADDED ENTRY--TOPICAL TERM | |
| Source of heading or term | Strategic and change management. |
| 856 ## - ELECTRONIC LOCATION AND ACCESS | |
| Host name | https://www.emerald.com/ijoa/article/33/11/4287/1258760/Scientific-management-reimagined-an-institutional?searchresult=1 |
| 999 ## - | |
| -- | 216294 |
| -- | 216294 |
| 942 ## - ADDED ENTRY ELEMENTS (KOHA) | |
| Koha item type | Electronic Resource |
| Withdrawn status | Lost status | Source of classification or shelving scheme | Damaged status | Not for loan | Home library | Current library | Date acquired | Total Checkouts | Full call number | Date last seen | Uniform Resource Identifier | Price effective from | Koha item type |
|---|---|---|---|---|---|---|---|---|---|---|---|---|---|
| Library of Congress Classification | Not for loan | Main Library | Main Library | 02/18/2026 | https://www.emeraldgrouppublishing.com/journal/ijoa | 02/18/2026 | https://www.emeraldgrouppublishing.com/journal/apjba | 02/18/2026 | Electronic Resource | ||||
| Library of Congress Classification | Not for loan | Main Library | Main Library | 02/18/2026 | https://www.emeraldgrouppublishing.com/journal/ijoa | 02/18/2026 | https://www.emeraldgrouppublishing.com/journal/apjba | 02/18/2026 | Electronic Resource |